000 00354pab a2200157 454500
008 180718b2003 xxu||||| |||| 00| 0 eng d
100 _aAhmed, Jaynal Uddin
245 _aBanking sector reforms in India
260 _c2003
300 _ap.15-19.
362 _aOct
650 _aBanks - India
650 _aBanks
773 _aYojana
909 _a58238
999 _c58238
_d58238